Notizie hanno le gambe corte (Le) (Record n. 94831)
[ formato base ]
| 000 -LEADER | |
|---|---|
| fixed length control field | 01778nam a2200289Ia 4500 |
| 001 - CONTROL NUMBER | |
| control field | E2631 |
| 003 - CONTROL NUMBER IDENTIFIER | |
| control field | IT-RoPAU |
| 008 - FIXED-LENGTH DATA ELEMENTS--GENERAL INFORMATION | |
| fixed length control field | 130308s9999 xx 000 0 und d |
| 040 ## - CATALOGING SOURCE | |
| Original cataloging agency | IT-RoPAU |
| 040 ## - CATALOGING SOURCE | |
| Transcribing agency | IT-RoPAU |
| 041 ## - LANGUAGE CODE | |
| Language code of text/sound track or separate title | ITALIANO |
| 100 ## - MAIN ENTRY--PERSONAL NAME | |
| Personal name | Fracassi Claudio |
| 100 ## - MAIN ENTRY--PERSONAL NAME | |
| Miscellaneous information | Codice Aut. SPICS: 6487 |
| 245 ## - TITLE STATEMENT | |
| Title | Notizie hanno le gambe corte (Le) |
| 245 ## - TITLE STATEMENT | |
| Remainder of title | Notizie Hanno le Gambe Corte (Le) |
| 250 ## - EDITION STATEMENT | |
| Edition statement | 1a ed. |
| 260 ## - PUBLICATION, DISTRIBUTION, ETC. (IMPRINT) | |
| Place of publication, distribution, etc. | MILANO |
| 260 ## - PUBLICATION, DISTRIBUTION, ETC. (IMPRINT) | |
| Name of publisher, distributor, etc. | Rizzoli |
| 260 ## - PUBLICATION, DISTRIBUTION, ETC. (IMPRINT) | |
| Date of publication, distribution, etc. | 1996 [1° Ed.:1996 - Ed.Ling.Originale:1996] |
| 300 ## - PHYSICAL DESCRIPTION | |
| Extent | "220 p. (prefazione: no ; testo: 220)" |
| 500 ## - GENERAL NOTE | |
| General note | Guida Alla Lettura dell'Informazione, Affinche' Ciascuno Possa imparare a Distinguere le notizie Dalle Gambe Corte (E Scartarle), e a ricostruire Nelmodo meno Deformato Possibile la Realtà di Quei Fatti che Davvero Vale Lapena di Conoscere. Libro Quindi Sul Giornalismo Ma per I Lettori, sull'informazione Ma per Chi la Riceve. Cosa Descritta e quella Reale. Supermercatodella Comunicazione. Impotenza di Chi Legge. Analfabeti. Diritto All'Informazione. Dalla Realtà Alla Notizia. Inondazione di Parole. nella fabbrica dell'Informazione. Possibilità di riconoscere la Notizia. Conformismo. guardando Il Tg. Stampa e Potere. Smontare L'Informazione. circo degli Inviati. Consulenti in Pubbliche Relazioni. manipolazione per Inondazione. Produzione di Fatti. Tg Truffa. notizia Pubblicitaria. Come Leggere un Titolo. Grande Pettegolezzo. sport e Chiacchiere. Intervistato Immaginario. Simulazione. Traffico su Internet. mercato delle Informazioni. Bacheca e Giornalista.Fra Reale e Virtuale. Alfabetizzazione All'Informazione. Bibliografia. |
| 650 ## - SUBJECT ADDED ENTRY--TOPICAL TERM | |
| Topical term or geographic name as entry element | TEORICHE GIORNALISTICHE |
| 650 ## - SUBJECT ADDED ENTRY--TOPICAL TERM | |
| Relator term | Codice materia Spics: 7055 |
| 942 ## - ADDED ENTRY ELEMENTS (KOHA) | |
| Koha item type | LIBRO |
| 957 ## - | |
| -- | 1 |
| 999 ## - SYSTEM CONTROL NUMBERS (KOHA) | |
| -- | 1 |
| Withdrawn status | Lost status | Damaged status | Not for loan | Home library | Current library | Date acquired | Total Checkouts | Full call number | Date last seen | Price effective from | Koha item type | Public note |
|---|---|---|---|---|---|---|---|---|---|---|---|---|
| Buone Condizioni | Not For Loan | SPICS-MEDIATECA | SPICS-MEDIATECA | 08/03/2013 | E2631 | 08/03/2013 | 08/03/2013 | LIBRO | Progressivo inserimento: 52544 / N. Volumi: 1 Copie: 1 / data import: 1 marzo 2013 - By Epidotti, Trombetti, Vaglietti. |